[Event "Imperia op-A 50th"]
[Site "Imperia"]
[Date "2018.09.09"]
[Round "9.7"]
[White "Ranieri, Valerio"]
[Black "Makhija, Aashna"]
[Result "0-1"]
[WhiteElo "2074"]
[BlackElo "1996"]
[PlyCount "74"]
[EventDate "2018.09.02"]
[EventType "swiss"]
[EventRounds "9"]
[EventCountry "ITA"]
[SourceTitle "EXT 2024"]
[Source "ChessBase"]
[SourceDate "2023.10.10"]
[SourceVersion "1"]
[SourceVersionDate "2023.10.10"]
[SourceQuality "1"]

1. e4 e5 2. Nf3 Nc6 3. Bb5 a6 4. Ba4 Nf6 5. d3 d6 6. c3 g6 7. Nbd2 Bg7 8. Nf1 0-0 9. Ng3 b5 10. Bc2 h6 11. 0-0 d5 12. Qe2 Be6 13. b3 Re8 14. h3 Qe7 15. Bd2 Nd7 16. Kh1 b4 17. c4 dxc4 18. dxc4 a5 19. Rae1 Nc5 20. Be3 Rad8 21. Bxc5 Qxc5 22. Rd1 a4 23. Rfe1 Rxd1 24. Rxd1 Ra8 25. Nf1 axb3 26. axb3 Nd4 27. Nxd4 exd4 28. f4 Ra2 29. Ng3 Bxc4 30. bxc4 b3 31. Rc1 Qa3 32. Qe1 bxc2 33. e5 Bf8 34. Ne4 d3 35. e6 fxe6 36. Nf6+ Kf7 37. Nd7 Qxc1 0-1